000 00407nab a2200169 a 4500
001 21487
003 62681
005 20201118100054.0
008 ||||||n9999 ||| || ||
100 _aLili, Cui
245 0 _aChina combate la drogadiccion
300 _app. 16-19
562 _e0
650 _aREHABILITACION DE LA DROGADICCION
773 _021478
_aBeijing Informa - No.51
942 _cSART
999 _c21487
_d21487